Exilio y memoria en la Era de Trujillo / (Registro nro. 8131)

Detalles MARC
000 -LIDER
fixed length control field 01724nam a2200349 a 4500
001 - NÚMERO DE CONTROL
Identificador de número de control 000020348
003 - IDENTIFICACDOR DE NÚMERO DE CONTROL
control field DO-SdBNP
005 - DATE AND TIME OF LATEST TRANSACTION
control field 20171013114906.0
007 - CAMPOS FIJOS DE DESCRIPCIÓN FÍSICA
fixed length control field 000020348
008 - ELEMENTOS DE LONGITUD FIJA
fixed length control field 100805t2010 dr 001 0 spa d
020 ## - ISBN
International Standard Book Number 9789945404272
040 ## - FUENTE DE CATALOGACIÓN
Agencia que crea de manera original el registro BPMSU
Idioma de catalogación spa
Agencia que realiza la transcripción BPMSU
082 ## - NÚMERO DE CLASIFICACIÓN DECIMAL DE DEWEY
Classification number 972.93053
Item number B715e
100 1# - ASIENTO PRINCIPAL -- NOMBRE PERSONAL
Nombre personal Bonilla, Walter R.
245 10 - MENCIÓN DE TITULO
Título Exilio y memoria en la Era de Trujillo /
Mención de responsabilidad Walter R. Bonilla.
260 ## - PUBLICACIÓN, DISTRIBUCIÓN, ETC. (PIE DE IMPRENTA)
Lugar de publicación, distribución, etc Santo Domingo :
Nombre del editor, distribuidor, etc. Ministerio de Cultura,
Fecha de publicación, distribución, etc 2010.
300 ## - DESCRIPCIÓN FÍSICA
Extensión 187 p. ;
Dimensiones 23 cm.
490 1# - MENCIÓN DE SERIES
Mención de serie Ediciones de Cultura
500 ## - NOTA GENERAL
Nota general Presentada originalmente como tesis de doctorado--Universidad de Puerto Rico, 2006 bajo el título: Entre el destierro y el retorno: la construcción del recuerdo y del olvido en las memorias de los exiliados antitrujullistas.
504 ## - NOTA DE BIBLIOGRAFÍA, ETC.
Bibliography, etc Incluye bibliografía y notas al pie de páginas.
504 ## - NOTA DE BIBLIOGRAFÍA, ETC.
Bibliography, etc Bibliografía : p. 167-187.
505 0# - NOTA DE CONTENIDO
Información miscelánea Introducción --
Título La memoria traumática de César Romero --
-- La memoria emblemática de Ángel Miolán Romero --
-- La memoria autobiográfica de Germán Ornes --
-- La memoria testimonial de Carolina Minardi --
-- Las memorias de los exiliados antitrujillistas : un final inconcluso --
Información miscelánea Bibliografía.
650 #4 - ENCABEZAMIENTO DE MATERIA--TEMÁTICO
Término temático o nombre geográfico como elemento de entrada EXPATRIACIÓN
Subdivisión geográfica REPÚBLICA DOMINICANA
Subdivisión cronológica ERA DE TRUJILLO, 1930-1961
650 #4 - ENCABEZAMIENTO DE MATERIA--TEMÁTICO
Término temático o nombre geográfico como elemento de entrada PERSECUCIONES POLÍTICAS
Subdivisión geográfica REPÚBLICA DOMINICANA
651 #4 - ENCABEZAMIENTO DE MATERIA--NOMBRE GEOGRÁFICO
Nombre geográfico REPÚBLICA DOMINICANA
Subdivisión temática general HISTORIA
Subdivisión cronológica ERA DE TRUJILLO, 1930-1961
651 #4 - ENCABEZAMIENTO DE MATERIA--NOMBRE GEOGRÁFICO
Nombre geográfico REPÚBLICA DOMINICANA
Subdivisión temática general POLÍTICA Y GOBIERNO
Subdivisión cronológica ERA DE TRUJILLO, 1930-1961
830 #0 - ASIENTO SECUNDARIO DE SERIE--TÍTULO UNIFORME
Título uniforme Ediciones de Cultura
910 ## - VALIDACIÓN
Validación Validado. Control de calidad MFF
942 ## - ADDED ENTRY ELEMENTS (KOHA)
Source of classification or shelving scheme Dewey Decimal Classification
Koha item type Libros
945 ## - INFORMACIÓN DE PROCESAMIENTO LOCAL
Información de procesamiento local Inventariado / 2017 VM
956 ## - LOCAL ELECTRONIC LOCATION AND ACCESS (OCLC)
Nombre de host VMATEO
Número de acceso 10
Información de compresión 20150807
Inicio de sesión BPMSU
Procesador de solicitud 00151
Existencias
Withdrawn status Lost status Source of classification or shelving scheme Damaged status Not for loan Collection code Home library Current library Date acquired Source of acquisition Total Checkouts Full call number Barcode Date last seen Price effective from Koha item type Copy number
    Dewey Decimal Classification     Colección Dominicana Biblioteca Pública Metropolitana Salomé Ureña Biblioteca Pública Metropolitana Salomé Ureña 08/07/2015 Donado   972.93053 B715e BPMSU15080229 08/07/2015 08/07/2015 Libros  
    Dewey Decimal Classification     Colección Dominicana Biblioteca Pública Metropolitana Salomé Ureña Biblioteca Pública Metropolitana Salomé Ureña 08/07/2015 Donado   972.93053 B715e BPMSU15080230 08/07/2015 08/07/2015 Libros e. 2